Classement Ballon d'or 2019 - Statistiques

Statistiques générales
  • Ce quiz a été pris 320 fois
  • Le résultat moyen est 24 sur 30
Statistiques - réponses
Top Nationalité Club Nom % Correct
1 Argentine FC Barcelone Messi
100%
3 Portugal Juventus Ronaldo
99%
5 Egypte Liverpool Salah
99%
4 Sénégal Liverpool Mané
98%
6 France PSG Mbappe
98%
8 Pologne Bayern Munich Lewandowski
96%
2 Pays Bas Liverpool Van Dijk
95%
14 Belgique Manchester City De Bruyne
90%
11 Pays Bas Ajax/FC Barcelone De Jong
90%
18 France Atlético/FC Barcelone Griezmann
89%
9 Portugal Manchester City Silva
89%
22 Corée du Sud Tottenham Son
89%
23 France Tottenham Lloris
87%
13 Belgique Chelsea/Réal Madrid Hazard
86%
10 Algérie Manchester City Marhez
86%
26 France Réal Madrid Benzema
85%
20 Gabon Arsenal Aubameyang
83%
7 Brésil Liverpool Alisson
81%
17 Brésil Liverpool Firmino
78%
15 Pays Bas Ajax/Juventus De Ligt
77%
28 Portugal Benfica/Atlético Felix
74%
28 Brésil PSG Marquinhos
72%
24 Allemagne FC Barcelone Ter Stegen
72%
16 Argentine Manchester City Agüero
71%
24 Sénégal Naples Koulibaly
71%
19 Angleterre Liverpool Alexander Arnold
65%
20 Serbie Ajax Tadic
65%
12 Angleterre Manchester City Sterling
61%
26 Pays Bas Liverpool Wijnaldum
49%
28 Pays Bas Ajax Van de Beek
40%
Aucun quiz correspondant
Distribution des résultats
% des personnes avec chaque résultat
Percentile par nombre de réponses
Votre historique - résultats
Vous n’avez pas pris ce quiz